| 000 | 00385nam a22001697a 4500 | ||
|---|---|---|---|
| 005 | 20160531155446.0 | ||
| 008 | 160531b xxu||||| |||| 00| 0 eng d | ||
| 020 | _a981-243-659-6 | ||
| 041 | _aeng | ||
| 082 | _b6430 | ||
| 100 |
_aCarnall, Collin _91612 |
||
| 245 | _aThe change Management Toolkit | ||
| 260 | _bThomson | ||
| 300 | _a120 | ||
| 650 |
_aManagement _9241 |
||
| 942 | _cBK | ||
| 999 |
_c2272 _d2271 |
||